000 00578nam a22002177a 4500
005 20251108172522.0
008 250721s9999 xx 000 0 ara d
082 1 4 _a618.1عبد
100 1 _aعبدالواحد، نجم عبدالله
245 1 0 _aعقم و علاجه /
264 1 _aعمان :
_bدار الفارس للنشر،
300 _a450ص
650 1 7 _aالأمراض
650 1 7 _aالعقم
650 1 7 _aعقم الأنثى
650 1 7 _aعقم الذكر
650 1 7 _aالحمل
650 1 7 _aالعلاج
942 _2ddc
_cBK
999 _c81438
_d81438